00492nam a2200193 a 450000100060000000300090000600800410001502000150005604000280007108200170009910000300011624500120014626000330015830000110019149000300020265000200023265000230025265000230027523225CO-ViMGA141112s2004 ck r 000 u spa d a9584217542 aCO-ViMGAbspacCO-ViMGA04aCo863.6 A1131 aAbad Faciolince, Héctor10aAngosta aColombia : bPlaneta, c2003 a374 p. aLetras colombianas de hoy14aNovela amorosa 14aNovela colombiana 14aViolencia - Novela